LEADER 01215nam a2200265 i 4500 001 000000075870 003 CaOOAMICUS 005 20110707000000.0 008 110707s1839 it u000 u ita u 013 $a47042 040 $aSeMil$bita 245 13$aIl tesoro di Brunetto Latini /$cvolgarizzato da Bono Giamboni. 250 $aNuovamente pubblicato secondo l'ed. del 1533. 260 $aVenezia :$bCo' Tipi del gondoliere,$c1839. 300 $a2 v. (34, XXIV, 285, 431 p.) ;$c18 cm. 490 0 $aBiblioteca classica italiana di scienze, lettere ed arti. Classe 2 ;$v1 500 $aRilegati insieme il vol. 1 e 2. 650 4$aLatini, Brunetto. Tresor.$0(OLS)http://semarc/subject/15499 700 1 $aGiamboni, Bono.$0(OLS)http://semarc/name/37446 700 1 $aLatini, Brunetto.$0(OLS)http://semarc/name/37445 830 0$aBiblioteca classica italiana di scienze, lettere ed arti. Classe 2 ;$v1.$0(OLS)http://semarc/title/33904 850 $aSeMil 852 $aSeMil$W1$xVenegono$y1$m1G V 21 FA$j42022$B42022$CSeMilBibl$Z2$F42026 $8I 996 $6245$aIl tesoro di Brunetto Latini$9(OLS)http://semarc/title/123008 996 $6260$aVenezia :$bCo' Tipi del gondoliere$9(OLS)http://semarc/publisher/34876 LEADER 00889nab a2200157 i 4500 001 000000289822 003 CaOOAMICUS 005 20161018000000.0 008 161018n xx uu u0 0und r 013 $a44582 040 $aSeMil$bita 245 10$aMissioni cattoliche e Agricoltura in Cina all'epoca del Novus Atlas Sinensis (NAS) del Padre Martino Martini SJ nel contesto agro-antropologico millenario di quel Paese. - 102 p. :$bill., tabelle. - Contiene : Bibliografia essenziale. 500 $a2016/1-2. 700 1 $aForni, Gaetano.$0(OLS)http://semarc/name/33939 773 0 $t2016.$dTrento : Civis, 2016.$w()251294 996 $6245$aMissioni cattoliche e Agricoltura in Cina all'epoca del Novus Atlas Sinensis (NAS) del Padre Martino Martini SJ nel contesto agro-antropologico millenario di quel Paese. - 102 p. :$bill., tabelle. - Contiene : Bibliografia essenziale.$9(OLS)http://semarc/title/414214